000 00448cam a2200169Ia 4500
020 _a0028245660 (v. 1)
020 _a9780028245669 (v. 1)
040 _cFXG
082 _a510 HIL 1996 A111 Or.
245 0 0 _aIntegrated mathematics /
260 _aNew York, N.Y. :
_bGlencoe/McGraw-Hill,
_cc1995-1996.
300 _a3 v. :
_bill. ;
_c24 cm.
500 _aIncludes indexes.
650 0 _aMathematics.
700 1 _aBumby, Douglas R.
942 _cEK
999 _c16672
_d16672